Normal view
MARC view
Entry Personal Name
001 - CONTROL NUMBER
- control field: 45724
003 - CONTROL NUMBER IDENTIFIER
- control field: OSt
005 - DATE AND TIME OF LATEST TRANSACTION
- control field: 20240606150323.0
008 - FIXED-LENGTH DATA ELEMENTS
- fixed length control field: 240606|| aca||aabn | a|a d
040 ## - CATALOGING SOURCE
- Original cataloging agency: OSt
- Transcribing agency: OSt
100 ## - HEADING--PERSONAL NAME
- Personal name: Dalal, Rajbir Singh Dhilon, Sandeep
670 ## - SOURCE DATA FOUND
- Source citation: Work cat.: (OSt)524235: Dalal, Rajbir Singh Dhilon, Sandeep , Decentralised governance in India: An evaluation in context of Panchayati Raj Institutions
